Southville International School and Colleges
Your cart is empty.
  • Cart
  • Lists
    Public lists Eva Luna New books Lux_list list_1
    Your lists Log in to create your own lists
  • Log in to your account
  • Your cookies
  • Search history
Southville International School and Colleges
  • Advanced search
  • Recent comments
  • Most popular
  • Libraries

Log in to your account

Log in with GOOGLE


If you do not have an external account, but do have a local account, you can still log in:

  1. Home
  2. MARC view: Culinary careers /
Normal view MARC view ISBD view

Culinary careers / (Record no. 288033)

[ view plain ]
MARC details
000 -LEADER
fixed length control field 00505nam a2200169Ia 4500
008 - FIXED-LENGTH DATA ELEMENTS--GENERAL INFORMATION
fixed length control field 150610s9999 xx 000 0 und d
020 ## - INTERNATIONAL STANDARD BOOK NUMBER
International Standard Book Number 9780307453204
050 ## - LIBRARY OF CONGRESS CALL NUMBER
Classification number TX911.3
Item number .V62S62 2010
100 ## - MAIN ENTRY--PERSONAL NAME
Personal name Smilow, Rick
245 ## - TITLE STATEMENT
Title Culinary careers /
Statement of responsibility, etc Rick Smilow and Anne E. McBride.
250 ## - EDITION STATEMENT
Edition statement 1st ed.
260 ## - PUBLICATION, DISTRIBUTION, ETC. (IMPRINT)
Place of publication, distribution, etc New York :
Name of publisher, distributor, etc Clarkson Potter Publishers,
Date of publication, distribution, etc 2010.
300 ## - PHYSICAL DESCRIPTION
Extent 360pages ;
Dimensions 23 cm.
504 ## - BIBLIOGRAPHY, ETC. NOTE
Bibliography, etc Includes index.
520 ## - SUMMARY, ETC.
Summary, etc Food service.
650 ## - SUBJECT ADDED ENTRY--TOPICAL TERM
Topical term or geographic name as entry element Vocational guidance
General subdivision Cooks.
Holdings
Withdrawn status Lost status Damaged status Home library Current library Shelving location Date acquired Total Checkouts Full call number Barcode Date last seen Price effective from Koha item type
      Stonyhurst Southville International School (Batangas) Stonyhurst Southville International School (Batangas) High School Section 06/10/2015   TX911.3 .V62S62 2010 US-1442 06/10/2015 06/10/2015 Books

Culinary careers /

APA

Smilow R., . (2010). Culinary careers. New York: Clarkson Potter Publishers.

Chicago

Smilow Rick, . 2010. Culinary careers. New York: Clarkson Potter Publishers.

Harvard

Smilow R., . (2010). Culinary careers. New York: Clarkson Potter Publishers.

MLA

Smilow Rick, . Culinary careers. New York: Clarkson Potter Publishers. 2010.

  • Place hold
  • Print
  • Cite
  • Add to your cart (remove)
  • Save record
    BIBTEX Dublin Core MARCXML MARC (non-Unicode/MARC-8) MARC (Unicode/UTF-8) MARC (Unicode/UTF-8, Standard) MODS (XML) RIS
  • More searches
    Search for this title in:
    Other Libraries (WorldCat) Other Databases (Google Scholar) Online Stores (Bookfinder.com) Open Library (openlibrary.org)

Exporting to Dublin Core...

SOUTHVILLE LIBRARY

Southville International School and Colleges Library

1281 Tropical Ave. Cor. Luxembourg St., BF Homes International, Las Pinas City

Tel. No. 8256374 / 252358 Loc. 117/146

Powered by Koha